[Event "CAN op"]
[Site "Calgary CAN"]
[Date "2023.07.30"]
[Round "10.36"]
[White "McCoshen, Ricky"]
[Black "Jackson, Mateo"]
[Result "1-0"]
[WhiteElo "1717"]
[BlackElo "1914"]
[PlyCount "61"]
[EventDate "2023.07.22"]
[EventType "swiss"]
[EventRounds "10"]
[EventCountry "CAN"]

1. d4 Nf6 2. c4 c5 3. d5 b5 4. Qc2 d6 5. e4 b4 6. f4 Nbd7 7. Nf3 Qc7 8. Bd3 g6
9. O-O Bg7 10. h3 O-O 11. Be3 a5 12. Nbd2 e6 13. e5 Ne8 14. Ng5 Nb8 15. Nde4
Na6 16. dxe6 fxe6 17. Nxh7 Kxh7 18. Ng5+ Kg8 19. Bxg6 Bh6 20. Bxe8 Rxe8 21.
Qg6+ Kf8 22. Nh7+ Ke7 23. Qxh6 d5 24. cxd5 exd5 25. Qf6+ Kd7 26. Nf8+ Rxf8 27.
Qxf8 Bb7 28. Qf7+ Kc6 29. Qe6+ Kb5 30. a4+ bxa3 31. bxa3 1-0

[Event "CAN op"]
[Site "Calgary CAN"]
[Date "2023.07.30"]
[Round "10.37"]
[White "Deepak, Laksshana"]
[Black "Bince, Rolando"]
[Result "1/2-1/2"]
[WhiteElo "1681"]
[BlackElo "1881"]
[PlyCount "210"]
[EventDate "2023.07.22"]
[EventType "swiss"]
[EventRounds "10"]
[EventCountry "CAN"]

1. e4 e6 2. d4 d5 3. Nc3 Bb4 4. e5 c5 5. a3 Bxc3+ 6. bxc3 Ne7 7. Nf3 Nbc6 8. h4
Qa5 9. Bd2 Qa4 10. Bc1 a6 11. h5 Qa5 12. Bd2 Qa4 13. Bc1 b5 14. Bb2 Qa5 15. Qd2
Qb6 16. h6 g6 17. Qg5 Ng8 18. Qf4 Ra7 19. Nh2 Qc7 20. Ng4 f5 21. Ne3 Nf6 22.
Be2 O-O 23. Qh4 Ne4 24. Bd3 cxd4 25. cxd4 Qa5+ 26. Kf1 Nd2+ 27. Kg1 Nc4 28.
Bxc4 bxc4 29. c3 Rb7 30. Nd1 Qa4 31. f4 Na5 32. Qf2 Bd7 33. Rb1 Nb3 34. Rh4 Qa5
35. g4 Qd8 36. gxf5 exf5 37. Rh3 Be6 38. Kh2 Qe7 39. Qg2 Kh8 40. Ne3 Rd8 41.
Rg1 Na5 42. Nd1 Rdb8 43. Re1 Qf8 44. Re2 Nc6 45. Rf2 Ne7 46. Qg5 Ng8 47. Re2
Qe7 48. Qg2 Qf8 49. Qg5 Qe7 50. Qg2 Qd8 51. Rf2 Rb6 52. Re2 Qd7 53. Rd2 Qb7 54.
Re2 a5 55. Rc2 a4 56. Re2 Qd7 57. Rd2 Qe7 58. Re2 Qf8 59. Qg5 R8b7 60. Rd2 Qb8
61. Qg2 Qf8 62. Qg5 Rb3 63. Qh4 Rb8 64. Qg5 R3b7 65. Qh4 Rb3 66. Qg5 Qd8 67.
Qg2 Qe7 68. Rc2 Qf8 69. Qg5 Ne7 70. Qg2 R8b7 71. Rd2 Qb8 72. Re2 Ng8 73. Rd2
Qf8 74. Qg5 Rb8 75. Re2 Qe7 76. Qg2 Qb7 77. Rd2 Qc7 78. Rc2 Qd8 79. Rd2 Qe7 80.
Rc2 Qf8 81. Qg5 R8b7 82. Rd2 Qb8 83. Qg2 R7b6 84. Re2 Rb7 85. Rd2 Ne7 86. Qg5
Qf8 87. Re2 Ng8 88. Rc2 Rd7 89. Rd2 Qe7 90. Qg2 Rdb7 91. Re2 Qd8 92. Rd2 Rc7
93. Rf2 Qf8 94. Qg5 Qe7 95. Qg2 Rc8 96. Rc2 Rcb8 97. Rd2 Qd8 98. Rc2 Ne7 99.
Rd2 Qf8 100. Rc2 Ng8 101. Qg5 Qe7 102. Qg2 Qb7 103. Re2 Qf7 104. Rc2 Qf8 105.
Qg5 R8b7 1/2-1/2

[Event "CAN op"]
[Site "Calgary CAN"]
[Date "2023.07.30"]
[Round "10.38"]
[White "Karmali, Hafiz"]
[Black "Giles, Patrick"]
[Result "0-1"]
[WhiteElo "1869"]
[BlackElo "1653"]
[PlyCount "116"]
[EventDate "2023.07.22"]
[EventType "swiss"]
[EventRounds "10"]
[EventCountry "CAN"]

1. d4 d5 2. e3 Nf6 3. Bd3 Bg4 4. Ne2 e6 5. O-O Bd6 6. h3 Bh5 7. Nd2 O-O 8. e4
dxe4 9. Nxe4 Nxe4 10. Bxe4 c6 11. Qd3 Bg6 12. Bf4 Qc7 13. Bxd6 Qxd6 14. Rad1
Nd7 15. Ng3 Nf6 16. Bxg6 hxg6 17. Rfe1 Rad8 18. Re5 Rd7 19. Qf3 Qb4 20. Qc3 Qb6
21. Qb3 Rxd4 22. Rxd4 Qxd4 23. Re3 b6 24. Rd3 Qe5 25. Kf1 c5 26. c4 Qf4 27. Ne2
Qf5 28. g4 Qe5 29. f4 Qe4 30. Qd1 Qxc4 31. b3 Qe4 32. Kf2 Nd5 33. Qd2 Qh1 34.
Kg3 Qe4 35. Nc3 Nxc3 36. Rxc3 e5 37. Rf3 exf4+ 38. Rxf4 Qe5 39. Kf3 Re8 40. Qd3
Qa1 41. Qd2 Qh1+ 42. Kg3 Qe1+ 43. Qxe1 Rxe1 44. Rf2 f6 45. Rd2 Kf7 46. Kf4 g5+
47. Kf3 Re5 48. Rd7+ Re7 49. Rd5 Ke6 50. Rd2 a6 51. Rd8 f5 52. h4 gxh4 53. g5
Kf7 54. Rh8 h3 55. Rxh3 Ke6 56. Kf4 Kd5 57. Rd3+ Kc6 58. Rh3 Re4+ 0-1

[Event "CAN op"]
[Site "Calgary CAN"]
[Date "2023.07.30"]
[Round "10.39"]
[White "Hawkshaw, Kevin"]
[Black "Sasata, Alexander"]
[Result "1/2-1/2"]
[WhiteElo "1840"]
[BlackElo "1736"]
[PlyCount "155"]
[EventDate "2023.07.22"]
[EventType "swiss"]
[EventRounds "10"]
[EventCountry "CAN"]

1. c4 c6 2. Nf3 d5 3. e3 Nf6 4. Nc3 g6 5. d4 Bg7 6. Bd3 dxc4 7. Bxc4 O-O 8. O-O
Nbd7 9. e4 Nb6 10. Bb3 Bg4 11. Be3 Nfd7 12. e5 e6 13. Ne4 Nd5 14. Nd6 Rb8 15.
h3 Bxf3 16. Qxf3 Bxe5 17. Nxb7 Rxb7 18. dxe5 Nxe5 19. Qg3 Nxe3 20. Qxe3 Nd7 21.
Rac1 Rc7 22. Ba4 Qc8 23. Rc2 Nb6 24. Bb3 c5 25. Rfc1 Qb7 26. Rxc5 Rd7 27. h4 h5
28. Bd1 Rfd8 29. Bf3 Nd5 30. Qe5 Qb8 31. Qxb8 Rxb8 32. Rc8+ Rxc8 33. Rxc8+ Kg7
34. Kf1 Kf6 35. Ke2 Ke5 36. a3 Nf4+ 37. Kf1 Rd2 38. g3 Nd3 39. Be2 Nxb2 40. Rc7
f6 41. Rxa7 Rd4 42. Rb7 Na4 43. Rb4 Rxb4 44. axb4 Nc3 45. Bd3 f5 46. Ba6 Kf6
47. b5 Na4 48. Ke2 g5 49. hxg5+ Kxg5 50. Bc8 Nc3+ 51. Kf3 Nxb5 52. Kg2 e5 53.
Kh3 Nd6 54. Bd7 Ne4 55. Kg2 Nf6 56. Bc6 Ng4 57. Bb7 e4 58. Bc6 Ne5 59. Bb7 Nf3
60. Bc6 Kg4 61. Be8 h4 62. gxh4 Nxh4+ 63. Kf1 f4 64. Bc6 Kf3 65. Bb5 e3 66.
Bc6+ Kg4 67. fxe3 fxe3 68. Bb5 Kf4 69. Ke1 Nf5 70. Ba6 Nd4 71. Bc4 Ke4 72. Ba6
Kd5 73. Be2 Kc5 74. Ba6 Kb4 75. Be2 Nc2+ 76. Kd1 Kc3 77. Bb5 Na3 78. Be2
1/2-1/2

[Event "CAN op"]
[Site "Calgary CAN"]
[Date "2023.07.30"]
[Round "10.40"]
[White "Sazon, Omar"]
[Black "Ramalho, David"]
[Result "0-1"]
[WhiteElo "1642"]
[BlackElo "1803"]
[PlyCount "70"]
[EventDate "2023.07.22"]
[EventType "swiss"]
[EventRounds "10"]
[EventCountry "CAN"]

1. b3 e5 2. Bb2 d6 3. e3 Nf6 4. c4 Be7 5. Nf3 e4 6. Nd4 c5 7. Nc2 d5 8. cxd5
Qxd5 9. Nc3 Qd8 10. Bb5+ Bd7 11. Bc4 Bc6 12. Qe2 a6 13. a4 Nbd7 14. a5 Ne5 15.
O-O Nd3 16. Ba3 O-O 17. Ne1 Nxe1 18. Qxe1 Qxa5 19. Qc1 Qc7 20. Be2 Rfd8 21. Rd1
Rd7 22. h3 Rad8 23. Bf1 Qe5 24. Bb2 Qg5 25. Na4 Rd5 26. Nb6 Rf5 27. Nc4 b5 28.
Rxa6 Bd5 29. Na5 Bd6 30. b4 c4 31. Nc6 Bxc6 32. Rxc6 Qh4 33. g3 Bxg3 34. fxg3
Qxg3+ 35. Kh1 Rf2 0-1

[Event "CAN op"]
[Site "Calgary CAN"]
[Date "2023.07.30"]
[Round "10.41"]
[White "Yang, Vincent"]
[Black "Chacon, Jose Eduardo"]
[Result "0-1"]
[WhiteElo "1670"]
[BlackElo "1983"]
[PlyCount "56"]
[EventDate "2023.07.22"]
[EventType "swiss"]
[EventRounds "10"]
[EventCountry "CAN"]

1. Nf3 c5 2. g3 d5 3. Bg2 Nc6 4. d4 Bg4 5. c3 Nf6 6. O-O e6 7. Bg5 Qb6 8. Qc1
cxd4 9. cxd4 Nxd4 10. Nxd4 Qxd4 11. e3 Qb6 12. Bxf6 gxf6 13. Nc3 Rc8 14. Qd2
Bb4 15. Rac1 O-O 16. a3 Be7 17. Kh1 f5 18. Rg1 Kh8 19. Bf1 Bf3+ 20. Bg2 Bxg2+
21. Rxg2 Bf6 22. g4 fxg4 23. Rxg4 Rg8 24. Rcg1 Qc6 25. e4 Rxg4 26. Rxg4 Bxc3
27. bxc3 Qxc3 28. Qf4 Qc1+ 0-1

[Event "CAN op"]
[Site "Calgary CAN"]
[Date "2023.07.30"]
[Round "10.42"]
[White "Lu, Aiden"]
[Black "Daniluk, Jim"]
[Result "1-0"]
[WhiteElo "1561"]
[BlackElo "1844"]
[PlyCount "43"]
[EventDate "2023.07.22"]
[EventType "swiss"]
[EventRounds "10"]
[EventCountry "CAN"]

1. d4 Nf6 2. Nf3 c5 3. d5 e6 4. c4 b5 5. cxb5 Nxd5 6. e4 Nf6 7. Nc3 Bb7 8. Bd3
c4 9. Bc2 Bc5 10. O-O O-O 11. Bg5 h6 12. Bh4 Be7 13. Qe2 d5 14. exd5 exd5 15.
Rad1 Re8 16. Rfe1 Nbd7 17. Qd2 Nb6 18. Nd4 Ne4 19. Bxe7 Nxd2 20. Bxd8 Raxd8 21.
Rxe8+ Rxe8 22. f3 1-0

[Event "CAN op"]
[Site "Calgary CAN"]
[Date "2023.07.30"]
[Round "10.43"]
[White "Sembrano, Joshua"]
[Black "Tcherni, Avram"]
[Result "1-0"]
[WhiteElo "1825"]
[BlackElo "1701"]
[PlyCount "75"]
[EventDate "2023.07.22"]
[EventType "swiss"]
[EventRounds "10"]
[EventCountry "CAN"]

1. d4 Nf6 2. Nc3 g6 3. e4 d6 4. Be2 Bg7 5. h4 Nc6 6. h5 gxh5 7. d5 Ne5 8. Bxh5
Nxh5 9. Qxh5 Bg4 10. Qg5 Bf6 11. Qe3 a6 12. Qg3 Bd7 13. Rxh7 Ng6 14. Rxh8+ Bxh8
15. f4 Bxc3+ 16. Qxc3 e5 17. dxe6 Qh4+ 18. g3 Qh1 19. exd7+ Kxd7 20. Be3 Qxe4
21. O-O-O Ne7 22. Qd3 Qa4 23. Kb1 Nc6 24. Qb3 Qe4 25. Qxf7+ Ne7 26. Qb3 Rg8 27.
Ne2 Qf3 28. Qd3 Re8 29. Bc1 Qg4 30. Nc3 Nf5 31. Nd5 Re6 32. Rh1 c6 33. Qb3 b5
34. Rh7+ Kd8 35. Qc3 c5 36. Qh8+ Re8 37. Qxe8+ Kxe8 38. Nf6+ 1-0

[Event "CAN op"]
[Site "Calgary CAN"]
[Date "2023.07.30"]
[Round "10.44"]
[White "Pottinger, Carl"]
[Black "Miller, Brian"]
[Result "0-1"]
[WhiteElo "1822"]
[BlackElo "1677"]
[PlyCount "75"]
[EventDate "2023.07.22"]
[EventType "swiss"]
[EventRounds "10"]
[EventCountry "CAN"]

1. d4 c5 2. d5 e5 3. c4 d6 4. e4 Be7 5. Bd3 Bg5 6. Nd2 Nf6 7. Ne2 Nbd7 8. O-O
O-O 9. f3 Nh5 10. Nb3 Bxc1 11. Nbxc1 Qg5 12. Nb3 Nf4 13. Nxf4 exf4 14. Nc1 Ne5
15. Qd2 f5 16. exf5 Bxf5 17. b3 Rae8 18. Bxf5 Rxf5 19. Ne2 Qh4 20. Nc3 Rh5 21.
h3 Rg5 22. Ne4 Rg6 23. Kh2 Rf8 24. Rae1 Rf5 25. Qe2 Rh5 26. Qf2 Qe7 27. Qe2 Qd7
28. Rg1 Rgh6 29. Nf2 Rg6 30. Ng4 Rhg5 31. Nxe5 Rxe5 32. Qd2 Qf5 33. Rxe5 Qxe5
34. Re1 Qg5 35. Qe2 h6 36. Qf2 Kh7 37. Re4 a6 38. Qe1 0-1

[Event "CAN op"]
[Site "Calgary CAN"]
[Date "2023.07.30"]
[Round "10.45"]
[White "Usselman, Paul"]
[Black "Koo, Minjun"]
[Result "1/2-1/2"]
[WhiteElo "1781"]
[BlackElo "1661"]
[PlyCount "85"]
[EventDate "2023.07.22"]
[EventType "swiss"]
[EventRounds "10"]
[EventCountry "CAN"]

1. Nf3 c5 2. g3 Nf6 3. Bg2 g6 4. O-O Bg7 5. c4 O-O 6. Nc3 Nc6 7. d3 d6 8. a3
Bd7 9. Rb1 a5 10. Bg5 h6 11. Bd2 Be6 12. Qc1 Kh7 13. Rd1 Qd7 14. e3 Bh3 15. Nd5
Bxg2 16. Kxg2 Nxd5 17. cxd5 Ne5 18. Ne1 Qb5 19. Bc3 c4 20. dxc4 Nxc4 21. Bxg7
Kxg7 22. b3 Ne5 23. Qb2 Kh7 24. a4 Qb4 25. Rd4 Qb6 26. f4 Nd7 27. b4 Rfb8 28.
Kf3 Ra7 29. Nd3 Re8 30. bxa5 Qxa5 31. Qb5 Qxb5 32. Rxb5 b6 33. Rc4 Rea8 34.
Rbb4 Ra6 35. Rc7 R6a7 36. Rbc4 Nc5 37. Rxa7 Rxa7 38. Nb2 Kg7 39. Rb4 Ra8 40. e4
f6 41. Ke3 Kf7 42. g4 h5 43. h3 1/2-1/2

[Event "CAN op"]
[Site "Calgary CAN"]
[Date "2023.07.30"]
[Round "10.46"]
[White "Gebhardt, David"]
[Black "Gokhale, Tanishka"]
[Result "1-0"]
[WhiteElo "1771"]
[BlackElo "1543"]
[PlyCount "57"]
[EventDate "2023.07.22"]
[EventType "swiss"]
[EventRounds "10"]
[EventCountry "CAN"]

1. e4 c6 2. d4 d5 3. e5 Bf5 4. Bd3 Bxd3 5. Qxd3 e6 6. Nf3 Nd7 7. c3 c5 8. Bd2
Qb6 9. Qc2 Rc8 10. Be3 cxd4 11. Bxd4 Bc5 12. Bxc5 Qxc5 13. O-O Ne7 14. Nbd2 Ng6
15. Nb3 Qc7 16. Nbd4 Ngxe5 17. Nxe5 Nxe5 18. Rae1 Nc6 19. Nxe6 fxe6 20. Rxe6+
Kd8 21. Rd1 d4 22. Qe4 Qd7 23. Qh4+ Kc7 24. Qf4+ Kb6 25. Rd6 Qe7 26. Qxd4+ Ka6
27. Qa4+ Kb6 28. Qb4+ Kc7 29. Rxc6+ 1-0

[Event "CAN op"]
[Site "Calgary CAN"]
[Date "2023.07.30"]
[Round "10.47"]
[White "Russell, Wesley"]
[Black "Yu, Ryan"]
[Result "1-0"]
[WhiteElo "1723"]
[BlackElo "1540"]
[PlyCount "93"]
[EventDate "2023.07.22"]
[EventType "swiss"]
[EventRounds "10"]
[EventCountry "CAN"]

1. e4 c5 2. c3 Nf6 3. e5 Nd5 4. d4 cxd4 5. Nf3 Nc6 6. Bc4 Nb6 7. Bb3 e6 8. cxd4
d6 9. O-O Be7 10. Nc3 O-O 11. Qe2 dxe5 12. dxe5 Nd5 13. Ne4 Na5 14. Bc2 Qc7 15.
a3 b6 16. b4 Nc6 17. Ng3 f5 18. Bb2 Nf4 19. Qc4 Ng6 20. b5 Bc5 21. bxc6 Qxc6
22. Qb3 Bb7 23. Bxf5 Nf4 24. Be4 Ne2+ 25. Nxe2 Qxe4 26. Ng3 Qg4 27. Nd2 Ba6 28.
Nde4 Bxf1 29. Rxf1 Rac8 30. h3 Qg6 31. Nxc5 Rxc5 32. f4 Rc2 33. Ba1 Rfc8 34. f5
Qg5 35. fxe6 Kh8 36. Qf3 Rc1 37. Bb2 Rxf1+ 38. Nxf1 Qe7 39. Qd5 Rd8 40. Qc6 h6
41. Ne3 Qg5 42. Nd5 Qh5 43. e7 Re8 44. Qd7 Qd1+ 45. Kh2 Rxe7 46. Qd8+ Kh7 47.
Nf6+ 1-0

[Event "CAN op"]
[Site "Calgary CAN"]
[Date "2023.07.30"]
[Round "10.48"]
[White "Zhang, James"]
[Black "Aird, Ian"]
[Result "1/2-1/2"]
[WhiteElo "1742"]
[BlackElo "1881"]
[PlyCount "96"]
[EventDate "2023.07.22"]
[EventType "swiss"]
[EventRounds "10"]
[EventCountry "CAN"]

1. e4 c5 2. Nf3 Nc6 3. d4 cxd4 4. Nxd4 e5 5. Nb5 d6 6. N1c3 a6 7. Na3 Be7 8.
Be3 Nf6 9. f3 Be6 10. Qd2 d5 11. exd5 Nxd5 12. Nxd5 Bxd5 13. Bc4 Bxc4 14. Nxc4
Qxd2+ 15. Nxd2 Nb4 16. Kd1 Rd8 17. a3 Nd5 18. Re1 O-O 19. Bf2 Bg5 20. Re2 Rd7
21. c4 Nf4 22. Rxe5 f6 23. Re4 Nxg2 24. Rd4 Rxd4 25. Bxd4 Rd8 26. Bc3 Bxd2 27.
Bxd2 Ne3+ 28. Ke2 Nxc4 29. Bc3 Kf7 30. Kf2 Ne5 31. Ke3 Ke6 32. Rg1 Rd7 33. f4
Nc4+ 34. Ke4 Nd6+ 35. Kf3 Nf5 36. Ke4 g6 37. Re1 Kf7 38. Kf3 Rd3+ 39. Kf2 Nh4
40. Re4 f5 41. Rc4 Ke6 42. Rc7 Rf3+ 43. Kg1 Rxf4 44. Rxh7 Nf3+ 45. Kg2 Ne5 46.
Rxb7 Rg4+ 47. Kf1 Rf4+ 48. Kg2 Rg4+ 1/2-1/2

[Event "CAN op"]
[Site "Calgary CAN"]
[Date "2023.07.30"]
[Round "10.49"]
[White "Ntete, Cally"]
[Black "Xu, Leon"]
[Result "0-1"]
[WhiteElo "1650"]
[BlackElo "1811"]
[PlyCount "90"]
[EventDate "2023.07.22"]
[EventType "swiss"]
[EventRounds "10"]
[EventCountry "CAN"]

1. d4 d5 2. c4 c6 3. cxd5 cxd5 4. Nc3 Nc6 5. Nf3 Nf6 6. Bg5 Ne4 7. Bh4 Qa5 8.
Qc2 Bf5 9. Qb3 Nb4 10. a3 Nxc3 11. Qxb4 Qxb4 12. axb4 Ne4 13. e3 f6 14. Bb5+
Kf7 15. O-O g5 16. Bg3 h5 17. Rfc1 Nxg3 18. hxg3 h4 19. gxh4 g4 20. Nd2 Rxh4
21. g3 Rh7 22. Rc7 Kg8 23. Rac1 e6 24. Rxh7 Bxh7 25. Rc7 Bxb4 26. Nf1 Rb8 27.
Bd7 Bf5 28. Kg2 Bd6 29. Rc8+ Kf7 30. Rxb8 Bxb8 31. Bc8 Be4+ 32. Kg1 b5 33. Nh2
f5 34. Ba6 b4 35. Kf1 e5 36. dxe5 Bxe5 37. Be2 Bxb2 38. f3 gxf3 39. Bxf3 Bxf3
40. Nxf3 Bc3 41. Ke2 a5 42. Kd3 a4 43. Ng1 a3 44. Ne2 a2 45. Nxc3 bxc3 0-1

[Event "CAN op"]
[Site "Calgary CAN"]
[Date "2023.07.30"]
[Round "10.51"]
[White "Yin, Zeming"]
[Black "Alpuri, Aaqil"]
[Result "1/2-1/2"]
[WhiteElo "1748"]
[BlackElo "1704"]
[PlyCount "54"]
[EventDate "2023.07.22"]
[EventType "swiss"]
[EventRounds "10"]
[EventCountry "CAN"]

1. e4 c5 2. c3 Nf6 3. e5 Nd5 4. d4 cxd4 5. Nf3 Nc6 6. Bc4 Nb6 7. Bb3 d6 8. exd6
e6 9. cxd4 Bxd6 10. Nc3 O-O 11. O-O Re8 12. Bg5 Be7 13. Bxe7 Nxe7 14. Qe2 Nbd5
15. Rfe1 Bd7 16. Ne5 Nf6 17. Ne4 Nxe4 18. Qxe4 Nc6 19. Nc4 Qc7 20. Rac1 Rad8
21. Rc3 g6 22. Rec1 Kg7 23. Qh4 f6 24. Rf3 Rf8 25. Ne3 Qd6 26. d5 Ne5 27. Rg3
exd5 1/2-1/2

[Event "CAN op"]
[Site "Calgary CAN"]
[Date "2023.07.30"]
[Round "10.52"]
[White "Santelices, Philip"]
[Black "Aluko, Olanrewaju"]
[Result "1-0"]
[WhiteElo "1622"]
[BlackElo "1640"]
[PlyCount "189"]
[EventDate "2023.07.22"]
[EventType "swiss"]
[EventRounds "10"]
[EventCountry "CAN"]

1. d4 d5 2. g3 e6 3. Bg2 c6 4. Nf3 f5 5. e3 Nf6 6. b3 Bd6 7. O-O O-O 8. c4 Nbd7
9. Nc3 Ne4 10. Bb2 Qf6 11. Nd2 Qg5 12. f4 Qg6 13. Nf3 a6 14. Ne5 Nxe5 15. dxe5
Bc5 16. Qe2 Bd7 17. a3 Rae8 18. b4 Be7 19. Rad1 Bc8 20. cxd5 exd5 21. Nxe4 fxe4
22. Qf2 h5 23. h3 Bf5 24. Bd4 Qe6 25. Kh2 Kh7 26. Rg1 Rg8 27. Rd2 g5 28. fxg5
Rxg5 29. Qe1 Reg8 30. Bf1 Bd8 31. Rf2 Bc7 32. Rf4 Bxe5 33. Bxe5 Qxe5 34. Qf2
Be6 35. Be2 Qg7 36. h4 Re5 37. Rf1 Qg6 38. Rf6 Rf5 39. Rxf5 Bxf5 40. Bxh5 Qxh5
41. Qxf5+ Qxf5 42. Rxf5 Rg7 43. Kh3 Rd7 44. Re5 b6 45. Re6 c5 46. Rxb6 d4 47.
bxc5 d3 48. Rb1 Rc7 49. Rc1 d2 50. Rd1 Rxc5 51. Rxd2 Rc3 52. Re2 Rxa3 53. Kg4
Ra4 54. Kf4 a5 55. g4 Rb4 56. Ra2 a4 57. Ra3 Kg6 58. Ke5 Rc4 59. Kd5 Rb4 60.
Rc3 Rb3 61. Rc6+ Kg7 62. Kxe4 Rb1 63. Ra6 Ra1 64. h5 a3 65. h6+ Kh7 66. g5 a2
67. Ra7+ Kg6 68. h7 Rh1 69. Rxa2 Kxg5 70. Ra7 Kf6 71. Kf3 Rh3+ 72. Ke2 Ke5 73.
Kd3 Rh1 74. Rb7 Rd1+ 75. Ke2 Rh1 76. Kf2 Kf6 77. Kg2 Rh4 78. Kg3 Rh1 79. Kg4
Rg1+ 80. Kf4 Rf1+ 81. Ke4 Rh1 82. Kd5 Rd1+ 83. Kc5 Rc1+ 84. Kb6 Rh1 85. Ka7 Kg6
86. Kb6 Kf6 87. Kc6 Rc1+ 88. Kd7 Kg7 89. Ke6+ Kh8 90. e4 Rh1 91. Rf7 Ra1 92. e5
Ra6+ 93. Kf5 Rh6 94. e6 Rxe6 95. Rf8+ 1-0

[Event "CAN op"]
[Site "Calgary CAN"]
[Date "2023.07.30"]
[Round "10.53"]
[White "Todd, Adie"]
[Black "Skop, Mike"]
[Result "1-0"]
[WhiteElo "1618"]
[BlackElo "1655"]
[PlyCount "99"]
[EventDate "2023.07.22"]
[EventType "swiss"]
[EventRounds "10"]
[EventCountry "CAN"]

1. d4 c6 2. e4 Na6 3. Nf3 Nc7 4. c4 d5 5. Nc3 dxe4 6. Nxe4 g6 7. Be2 Nh6 8. O-O
Bg7 9. Ng3 O-O 10. h3 f6 11. Be3 Nf7 12. Rc1 e5 13. dxe5 Qxd1 14. Rfxd1 fxe5
15. b4 Ne6 16. Bd3 a5 17. b5 c5 18. Be4 Nd4 19. Bd5 Ra7 20. Ng5 b6 21. Nxf7
Rfxf7 22. Bxf7+ Rxf7 23. Re1 Bb7 24. Bg5 Ne6 25. Bd2 Rd7 26. Rcd1 Kf7 27. Bc3
Nd4 28. Kf1 h6 29. Ne4 g5 30. Rd3 Ke6 31. Bxd4 Rxd4 32. Rxd4 cxd4 33. f3 Bf8
34. Nd2 Bb4 35. Ke2 Kf5 36. Kd3 Bxd2 37. Kxd2 e4 38. fxe4+ Bxe4 39. Rf1+ Ke5
40. Rf2 Bb1 41. Re2+ Kd6 42. Kc1 d3 43. Rd2 Bc2 44. Kb2 Ke5 45. Kc3 h5 46. a3
g4 47. hxg4 hxg4 48. g3 a4 49. Rf2 Bb1 50. Rf4 1-0

[Event "CAN op"]
[Site "Calgary CAN"]
[Date "2023.07.30"]
[Round "10.54"]
[White "Ashley, Mathew"]
[Black "Todd, Nick"]
[Result "1-0"]
[WhiteElo "1709"]
[BlackElo "1525"]
[PlyCount "50"]
[EventDate "2023.07.22"]
[EventType "swiss"]
[EventRounds "10"]
[EventCountry "CAN"]

1. c4 Nf6 2. Nc3 e6 3. e4 Be7 4. e5 Ng8 5. Qg4 Bg5 6. Nf3 Bh6 7. d4 f5 8. Qg3
g6 9. Bxh6 Nxh6 10. Ng5 Nc6 11. O-O-O Qe7 12. d5 Nxe5 13. Qxe5 O-O 14. f4 d6
15. Qe1 e5 16. Qh4 Ng4 17. Re1 e4 18. h3 Nf6 19. g4 Qg7 20. gxf5 Bxf5 21. Ncxe4
h6 22. Ne6 Bxe6 23. Nxf6+ Rxf6 24. dxe6 Re8 25. Bg2 Rfxe6 1-0

[Event "CAN op"]
[Site "Calgary CAN"]
[Date "2023.07.30"]
[Round "10.55"]
[White "Sklenka, Steve"]
[Black "Gibson, Leroy"]
[Result "0-1"]
[WhiteElo "1550"]
[BlackElo "1686"]
[PlyCount "114"]
[EventDate "2023.07.22"]
[EventType "swiss"]
[EventRounds "10"]
[EventCountry "CAN"]

1. d4 e6 2. c4 d5 3. e3 Nf6 4. Nf3 Be7 5. Nc3 O-O 6. Bd3 Nbd7 7. O-O c5 8. dxc5
Nxc5 9. Be2 dxc4 10. Bxc4 Qc7 11. b3 Bd7 12. Bb2 Bc6 13. Qc2 Nce4 14. Be2 Rac8
15. Rac1 Qa5 16. Qb1 Ba3 17. Bxa3 Qxa3 18. Nb5 Qa5 19. Nbd4 Bd5 20. Rxc8 Rxc8
21. Rc1 Nc3 22. Kf1 Nfe4 23. Nb5 Rc6 24. Nxc3 Nxc3 25. Qb2 Nxe2 26. Rxc6 Bxc6
27. Kxe2 Qb5+ 28. Ke1 Bxf3 29. gxf3 f6 30. Qd4 a5 31. Qd8+ Kf7 32. Qc7+ Kg6 33.
Qc2+ f5 34. Qc4 Qe5 35. a4 Kf6 36. Qh4+ Kg6 37. Qg3+ Kf6 38. Qh4+ Kg6 39. Qg3+
Kf6 40. Qh4+ Kf7 41. Qh5+ Ke7 42. Qh4+ Kd6 43. Qd8+ Kc6 44. Qc8+ Kb6 45. Qd8+
Ka7 46. Qd2 Qc5 47. f4 h6 48. Ke2 Kb6 49. Qd8+ Kc6 50. Qc8+ Kd6 51. Qxb7 Qc2+
52. Kf1 Qd1+ 53. Kg2 Qd5+ 54. Qxd5+ Kxd5 55. Kf3 Kc5 56. e4 Kb4 57. e5 Kxb3 0-1

[Event "CAN op"]
[Site "Calgary CAN"]
[Date "2023.07.30"]
[Round "10.56"]
[White "Raman, Shanker"]
[Black "Wilson, Kim"]
[Result "1/2-1/2"]
[WhiteElo "1601"]
[BlackElo "1701"]
[PlyCount "108"]
[EventDate "2023.07.22"]
[EventType "swiss"]
[EventRounds "10"]
[EventCountry "CAN"]

1. d4 Nf6 2. c4 g6 3. Nc3 d5 4. cxd5 Nxd5 5. Bd2 Bg7 6. e4 Nxc3 7. Bxc3 O-O 8.
Nf3 c5 9. d5 Bxc3+ 10. bxc3 Bg4 11. Be2 Nd7 12. h3 Bxf3 13. Bxf3 Qa5 14. Qb3 b5
15. O-O c4 16. Qc2 a6 17. a4 Qb6 18. Rfb1 Nc5 19. Be2 Nb3 20. Rxb3 cxb3 21.
Qxb3 Qc5 22. Rc1 Rfb8 23. a5 b4 24. c4 Qxa5 25. c5 Qc7 26. c6 a5 27. Ra1 Qe5
28. Qb1 Ra7 29. Bd1 b3 30. Ra4 Qc3 31. Kf1 b2 32. Bc2 Qxc2 33. Qxc2 b1=Q+ 34.
Qxb1 Rxb1+ 35. Ke2 Rc1 36. f4 f6 37. Kf3 Kf7 38. Kg4 Rc3 39. e5 Rd3 40. c7 Rxc7
41. Rxa5 h5+ 42. Kh4 Rc4 43. g3 fxe5 44. Kg5 Kg7 45. d6 exd6 46. Ra7+ Kf8 47.
Kf6 Rc8 48. fxe5 dxe5 49. Rh7 Rf3+ 50. Kxe5 Re8+ 51. Kd6 Rf7 52. Rh8+ Kg7 53.
Rxe8 Rf3 54. g4 hxg4 1/2-1/2

[Event "CAN-ch"]
[Site "Toronto CAN"]
[Date "2023.04.06"]
[Round "1.4"]
[White "Sambuev, Bator"]
[Black "Latorre, Vincent"]
[Result "1-0"]
[WhiteElo "2514"]
[BlackElo "2200"]
[PlyCount "61"]
[EventDate "2023.04.06"]
[EventType "swiss"]
[EventRounds "9"]
[EventCountry "CAN"]

1. d4 Nf6 2. c4 e6 3. Nc3 Bb4 4. e3 O-O 5. Bd3 c5 6. Nf3 d5 7. O-O dxc4 8. Bxc4
cxd4 9. exd4 b6 10. Qe2 Bb7 11. Rd1 h6 12. Bf4 Nc6 13. a3 Bxc3 14. bxc3 Rc8 15.
Ba2 Qe7 16. c4 Rfd8 17. Rd3 Nh5 18. Bd2 Nf6 19. Re1 Qd6 20. Bc3 Ba6 21. Qb2 Na5
22. Bxa5 bxa5 23. Ne5 Nd7 24. Nxf7 Kxf7 25. c5 Nxc5 26. Rf3+ Kg6 27. dxc5 Rxc5
28. Bb1+ Rf5 29. Bxf5+ exf5 30. Rg3+ Kh5 31. Qxg7 1-0

[Event "CAN-ch"]
[Site "Toronto CAN"]
[Date "2023.04.06"]
[Round "1.5"]
[White "Yang, Jingyun (Ryan)"]
[Black "Xu, Daniel"]
[Result "0-1"]
[WhiteElo "2196"]
[BlackElo "2403"]
[PlyCount "68"]
[EventDate "2023.04.06"]
[EventType "swiss"]
[EventRounds "9"]
[EventCountry "CAN"]

1. e4 c5 2. Nc3 d6 3. d4 cxd4 4. Qxd4 Nf6 5. b3 Nc6 6. Qd2 e5 7. Bb2 Be6 8.
O-O-O Be7 9. Nge2 Ng4 10. Qe1 Qb6 11. Nd5 Bxd5 12. exd5 Nb4 13. a3 Nxf2 14. Bd4
Nbd3+ 15. cxd3 Rc8+ 16. Bc3 Nxh1 17. Kb2 Nf2 18. Rd2 Qe3 19. Qb1 Rxc3 20. Kxc3
Ne4+ 21. Kb2 Nxd2 22. Qc1 Nxf1 23. Qc8+ Bd8 24. Ng3 Nxg3 25. hxg3 O-O 26. Qf5
Bg5 27. b4 Qc1+ 28. Kb3 b5 29. Qd7 Rc8 30. Qxc8+ Qxc8 31. a4 Bd2 32. g4 Qc3+
33. Ka2 Qc2+ 34. Ka3 Bc1# 0-1

[Event "CAN-ch"]
[Site "Toronto CAN"]
[Date "2023.04.06"]
[Round "1.6"]
[White "Rusonik, Max"]
[Black "Latreille, Etienne"]
[Result "1/2-1/2"]
[WhiteElo "2394"]
[BlackElo "2194"]
[PlyCount "118"]
[EventDate "2023.04.06"]
[EventType "swiss"]
[EventRounds "9"]
[EventCountry "CAN"]

1. e4 c5 2. Nf3 Nc6 3. d4 cxd4 4. Nxd4 g6 5. c4 Bg7 6. Be3 Nf6 7. Nc3 O-O 8.
Be2 d6 9. O-O Bd7 10. h3 Nxd4 11. Bxd4 Bc6 12. Qc2 a5 13. b3 Nd7 14. Bxg7 Kxg7
15. a3 Qb6 16. Rab1 Qd4 17. Rbd1 Qf6 18. f4 h5 19. Kh1 Rac8 20. b4 axb4 21.
axb4 b5 22. Qb3 Qe6 23. Qb2 bxc4 24. Rd4 Qf6 25. Qd2 Nb6 26. Bxc4 Ra8 27. Be2
Ra3 28. Rc1 Rfa8 29. Bf3 Qh4 30. Ne2 Bb5 31. Nc3 Bc6 32. Kh2 e5 33. g3 Qe7 34.
Rd3 Nc4 35. Qe2 h4 36. Rdd1 hxg3+ 37. Kg2 Nb6 38. Nb1 Ra2 39. Rd2 Rxd2 40. Nxd2
Bd7 41. f5 Qg5 42. Rc2 gxf5 43. exf5 Qxf5 44. Bxa8 Qxc2 45. Be4 Bc6 46. Qg4+
Kf8 47. Bxc6 Qxd2+ 48. Kxg3 Qc3+ 49. Bf3 Qe1+ 50. Kh2 Qd2+ 51. Bg2 Qc3 52. h4
d5 53. Qg5 Qxb4 54. Qxe5 Qxh4+ 55. Kg1 Qb4 56. Qh8+ Ke7 57. Qe5+ Kd8 58. Qb8+
Ke7 59. Qe5+ Kd8 1/2-1/2